Normandy D-Day Beaches - Map Quiz - Statistics

General Stats
  • This quiz has been taken 694 times
  • The average score is 3 of 5
Answers on the Map
Answers color-coded by a green-red scale on the quiz's map according to % correct below.
 
Answer Stats
Answer % Correct
Omaha Beach
78%
Sword Beach
62%
Juno Beach
60%
Utah Beach
59%
Gold Beach
50%
No matching quizzes found
Score Distribution
Percent of People with Each Score
Percentile by Number Answered
Your Score History
You have not taken this quiz